Quels Yo-kais apparaissent dans la saison 1 de Yo-Kai Watch ? - Statistiques

Statistiques générales
  • Ce quiz a été pris 51 fois
  • Le résultat moyen est 34 sur 61
Statistiques - réponses
Tribu Yo-Kai % Correct
Mignon Jibanyan
97%
Insaisissable Whisper
94%
Costaud Loubarbare
91%
Sinistre Corniot
82%
Bienveillant Jojojoyeux
82%
Sinistre Lulugubre
82%
Mignon Komasan
79%
Mystérieux Toutouie
79%
Bienveillant Granpapéti
76%
Vaillant Shogunyan
76%
Mignon Komajiro
74%
Mystérieux Kyubi
74%
Vaillant Feulion
71%
Sinistre Cabotin
68%
Mignon Cigalopin
68%
Mignon Kappacap
68%
Insaisissable Noko
68%
Costaud Robonyan
68%
Mignon Bandinyan
65%
Mystérieux Chaipo
65%
Sinistre Chiperpiou
62%
Sinistre Flamente
62%
Sinistre Malmidal
62%
Sinistre Crocho
59%
Costaud Gargaros
59%
Mignon Baku
56%
Sombre Nihilistik
56%
Bienveillant Noripop
53%
Bienveillant Salsalga
53%
Mystérieux Tengu
53%
Bienveillant Wakapoeira
53%
Mystérieux Hiblusion
50%
Insaisissable Jacquasseur
50%
Sombre Marcognito
50%
Mystérieux Papa ress
50%
Bienveillant Pikor
50%
Sombre Tengubre
50%
Vaillant B3-NK1
47%
Sombre Chauvekipeut
47%
Mystérieux Matchou
47%
Mystérieux Télémir
47%
Sinistre Blablara
44%
Sinistre Insomnelle
44%
Costaud Pachycoul
44%
Sinistre Pégaz
44%
Sinistre Pioubidou
44%
Insaisissable Vipérâle
44%
Mystérieux Espi
41%
Mystérieux Padrézo
41%
Sombre Tendino
41%
Sombre Tortico
41%
Bienveillant Vitapillon
41%
Insaisissable Claquille
38%
Sinistre Délujien
38%
Sinistre Non-non
38%
Mignon Squarlett
38%
Boss Marge
35%
Boss Laure
32%
Costaud Nampart
29%
Vaillant Coach Antonic
24%
Mignon Rouminet
21%
Aucun quiz correspondant
Distribution des résultats
% des personnes avec chaque résultat
Percentile par nombre de réponses
Votre historique - résultats
Vous n’avez pas pris ce quiz